=LDR 00000nam 2200000 4500 =001 INLIS000000001052439 =005 20240829103851 =035 ##$$a 0010-0824000257 =007 ta =008 240829################a##########1###### =020 ##$$a 978-89-6509-640-5 =082 ##$$a 028.55 =084 ##$$a 028.55 KIM m =100 #$$a Kim Song-ah =245 1#$$a Mimi, aku cinta kamu /$c Kim Song-ah =260 ##$$a Tongkeun World :$b Gyeonggi-do =300 ##$$a 27 hlm : $b ilus ; $c 21,5 x 25,5 cm =650 #4$$a Bacaan kanak-kanak =990 ##$$a 18281828